[Event "Turkey Cup 2020"]
[Site "Antalya-Belek"]
[Date "2020.01.29"]
[Round "6.40"]
[White "Okus, Melih"]
[Black "Iren, Muhammet Kaan"]
[Result "1-0"]
[WhiteElo "1933"]
[BlackElo "1698"]
[Annotator "NA"]
[PlyCount "115"]
[EventDate "2020.01.26"]
[EventType "swiss"]
[EventCountry "TUR"]
[SourceTitle "playchess.com"]
[Source "ChessBase"]
[SourceQuality "1"]

1. e4 c5 2. Nf3 d6 3. c3 Nf6 4. Bd3 Nc6 5. Bc2 e5 6. h3 d5 7. d3 Be7 8. O-O O-O 9. Qe2 Qc7 10. Re1 d4 11. Nbd2 Re8 12. Nf1 h6 13. Ng3 Bf8 14. Nh4 g6 15. Rf1 Qd8 16. Bd2 Nh7 17. Nf3 Ng5 18. Nxg5 hxg5 19. Bb3 Kg7 20. Qf3 f6 21. Ne2 Bd6 22. g4 Qe7 23. Kg2 Rh8 24. Qg3 Na5 25. Bd5 Be6 26. c4 Nc6 27. Rh1 Rh7 28. a3 Rb8 29. Ng1 Rbh8 30. Nf3 Nd8 31. h4 Bxd5 32. cxd5 Nf7 33. hxg5 Nxg5 34. Nxg5 fxg5 35. Rxh7+ Rxh7 36. Rc1 Rh8 37. f3 Kf6 38. Rh1 Rxh1 39. Kxh1 b5 40. Qe1 Kg7 41. Kg2 Qd8 42. b4 c4 43. dxc4 bxc4 44. Qc1 c3 45. Bxg5 Qc8 46. Qh1 Qg8 47. Kf2 Bc7 48. Ke2 Kf7 49. Kd3 Bd6 50. Qh2 Ke8 51. Bf6 Qf7 52. g5 Kd7 53. Qh8 Be7 54. Qa8 Bxf6 55. Qxa7+ Ke8 56. Qxf7+ Kxf7 57. gxf6 Kxf6 58. a4 1-0

[Event "Turkey Cup 2020"]
[Site "Antalya-Belek"]
[Date "2020.01.29"]
[Round "6.42"]
[White "Ibik, Halit Yavuz"]
[Black "Gur, Tuba"]
[Result "1-0"]
[WhiteElo "1952"]
[BlackElo "1782"]
[Annotator "NA"]
[PlyCount "55"]
[EventDate "2020.01.26"]
[EventType "swiss"]
[EventCountry "TUR"]
[SourceTitle "playchess.com"]
[Source "ChessBase"]
[SourceQuality "1"]

1. e4 c5 2. Nf3 e6 3. d4 cxd4 4. Nxd4 a6 5. Nc3 b5 6. Be3 Bb7 7. f3 Qc7 8. a3 Nf6 9. Qd2 d5 10. exd5 Nxd5 11. Nxd5 Bxd5 12. O-O-O Nd7 13. Kb1 Be7 14. Bf4 Qb7 15. Nf5 Bf8 16. Bd6 exf5 17. Bxf8 Rxf8 18. Qxd5 Qxd5 19. Rxd5 g6 20. c4 bxc4 21. Bxc4 O-O-O 22. Bxa6+ Kb8 23. Rhd1 Kc7 24. Rc1+ Kb8 25. Rc6 f6 26. Rb5+ Ka7 27. Rb7+ Ka8 28. Rcc7 1-0

[Event "Turkey Cup 2020"]
[Site "Antalya-Belek"]
[Date "2020.01.29"]
[Round "6.43"]
[White "Var, Sefa"]
[Black "Gokbulut, Julia"]
[Result "1/2-1/2"]
[WhiteElo "1739"]
[BlackElo "1989"]
[Annotator "NA"]
[PlyCount "57"]
[EventDate "2020.01.26"]
[EventType "swiss"]
[EventCountry "TUR"]
[SourceTitle "playchess.com"]
[Source "ChessBase"]
[SourceQuality "1"]

1. e4 c6 2. d4 d5 3. Nc3 dxe4 4. Nxe4 Bf5 5. Ng3 Bg6 6. h4 h6 7. Nf3 Nd7 8. h5 Bh7 9. Bd3 Bxd3 10. Qxd3 e6 11. Bd2 Ngf6 12. O-O-O Be7 13. Kb1 O-O 14. Ne4 Nxe4 15. Qxe4 Nf6 16. Qe2 Qd5 17. Ne5 Qe4 18. Qxe4 Nxe4 19. Be3 Rfd8 20. c3 c5 21. dxc5 Nxc5 22. f3 a5 23. Kc2 a4 24. Rxd8+ Rxd8 25. Rd1 Rc8 26. Nd7 b5 27. g4 Nxd7 28. Rxd7 Bc5 29. Bxc5 1/2-1/2

[Event "Turkey Cup 2020"]
[Site "Antalya-Belek"]
[Date "2020.01.29"]
[Round "6.44"]
[White "Erdogan, Atakan"]
[Black "Yenil, Mucahit"]
[Result "0-1"]
[WhiteElo "1901"]
[BlackElo "1757"]
[Annotator "NA"]
[PlyCount "76"]
[EventDate "2020.01.26"]
[EventType "swiss"]
[EventCountry "TUR"]
[SourceTitle "playchess.com"]
[Source "ChessBase"]
[SourceQuality "1"]

1. c4 e5 2. Nc3 Nc6 3. g3 Bc5 4. Bg2 Nge7 5. d3 O-O 6. Nf3 d6 7. O-O f5 8. Na4 Bb6 9. Nxb6 axb6 10. b3 Ng6 11. Bb2 f4 12. Nd2 Qg5 13. Ne4 Qh6 14. d4 Bh3 15. f3 Bxg2 16. Kxg2 Nce7 17. g4 Nh4+ 18. Kg1 Rad8 19. dxe5 d5 20. cxd5 Nxd5 21. Qe1 Ne3 22. Qc3 Nxf1 23. Rxf1 Rf7 24. Qc4 Qc6 25. Qxc6 bxc6 26. Rc1 c5 27. a4 Rfd7 28. Kf2 Rd1 29. Rxd1 Rxd1 30. e6 Ng6 31. h4 Rb1 32. Bc3 Rxb3 33. h5 Ne7 34. Be5 Nd5 35. g5 c4 36. h6 gxh6 37. Nf6+ Nxf6 38. gxf6 Re3 0-1

[Event "Turkey Cup 2020"]
[Site "Antalya-Belek"]
[Date "2020.01.29"]
[Round "6.45"]
[White "Dogdu, Mehmet"]
[Black "Kiziltas, Inanc Vefa"]
[Result "1-0"]
[WhiteElo "1914"]
[BlackElo "1803"]
[Annotator "NA"]
[PlyCount "51"]
[EventDate "2020.01.26"]
[EventType "swiss"]
[EventCountry "TUR"]
[SourceTitle "playchess.com"]
[Source "ChessBase"]
[SourceQuality "1"]

1. d4 Nf6 2. c4 e6 3. Nc3 d5 4. Nf3 Be7 5. e3 O-O 6. Bd3 c6 7. O-O Nbd7 8. b3 dxc4 9. bxc4 c5 10. d5 exd5 11. cxd5 a6 12. e4 Bd6 13. a4 Ne5 14. Ne1 Neg4 15. Nf3 c4 16. Bc2 h5 17. h3 Ne5 18. Ng5 Bb4 19. Bb2 Bc5 20. Kh1 Nfg4 21. f4 Ne3 22. Qxh5 Qxg5 23. Qxg5 f6 24. Qg3 Nxc2 25. fxe5 f5 26. e6 1-0

[Event "Turkey Cup 2020"]
[Site "Antalya-Belek"]
[Date "2020.01.29"]
[Round "6.46"]
[White "Kirali, Mehmet"]
[Black "Yildirim, Ibrahim Halil"]
[Result "1-0"]
[WhiteElo "1890"]
[BlackElo "1794"]
[Annotator "NA"]
[PlyCount "83"]
[EventDate "2020.01.26"]
[EventType "swiss"]
[EventCountry "TUR"]
[SourceTitle "playchess.com"]
[Source "ChessBase"]
[SourceQuality "1"]

1. d4 d5 2. Nf3 Nf6 3. Bf4 c5 4. c3 Nc6 5. e3 Qb6 6. Qb3 c4 7. Qxb6 axb6 8. Na3 Bf5 9. Nb5 Kd7 10. Be2 h6 11. O-O Ra5 12. b4 Rxb5 13. a4 Rxb4 14. cxb4 Nxb4 15. Ne5+ Ke8 16. g4 Bh7 17. Rfc1 Nd7 18. Nf3 e6 19. Nd2 Nd3 20. Bxd3 Bxd3 21. Nb1 Bb4 22. Nc3 g5 23. Bc7 Bxc3 24. Rxc3 Ke7 25. f3 Rc8 26. Bg3 Ra8 27. Rca3 Bc2 28. Be1 Nb8 29. h4 Nc6 30. Kg2 Bb3 31. Bd2 f6 32. hxg5 hxg5 33. Rh1 Rxa4 34. Rxa4 Bxa4 35. Rh7+ Kd6 36. Rxb7 b5 37. Kf2 Nd8 38. Bb4+ Kc6 39. Re7 Bc2 40. Ke2 Ba4 41. Ba5 Nb7 42. Rc7+ 1-0

[Event "Turkey Cup 2020"]
[Site "Antalya-Belek"]
[Date "2020.01.29"]
[Round "6.47"]
[White "Ekici, Kaan Muhammed"]
[Black "Hatipli, Mehmet"]
[Result "0-1"]
[WhiteElo "1738"]
[BlackElo "1873"]
[Annotator "NA"]
[PlyCount "82"]
[EventDate "2020.01.26"]
[EventType "swiss"]
[EventCountry "TUR"]
[SourceTitle "playchess.com"]
[Source "ChessBase"]
[SourceQuality "1"]

1. e4 c5 2. Nf3 d6 3. d4 cxd4 4. Qxd4 Nc6 5. Bb5 Bd7 6. Bxc6 Bxc6 7. Nc3 Nf6 8. Bg5 e6 9. O-O-O Be7 10. Kb1 O-O 11. h4 b5 12. Bxf6 Bxf6 13. Qxd6 Qb6 14. e5 Rfd8 15. Qb4 Rxd1+ 16. Rxd1 Bxf3 17. gxf3 Bxe5 18. Qxb5 Qxb5 19. Nxb5 Rb8 20. Rd7 Bf6 21. Rxa7 h5 22. c4 Bxh4 23. Rd7 Bxf2 24. Rd2 Bg3 25. Kc2 h4 26. Rg2 g5 27. Nc3 f6 28. b3 Kf7 29. Rg1 Kg6 30. Ne2 Bf2 31. Rf1 Bc5 32. Nc1 f5 33. Nd3 Bd4 34. c5 e5 35. Re1 h3 36. Kd2 g4 37. fxg4 fxg4 38. Rh1 Kg5 39. Ke2 Kh4 40. Ne1 Bxc5 41. Nd3 Bd4 0-1

[Event "Turkey Cup 2020"]
[Site "Antalya-Belek"]
[Date "2020.01.29"]
[Round "6.48"]
[White "Caner, Resul"]
[Black "Ozata, Doruk"]
[Result "1-0"]
[WhiteElo "1932"]
[BlackElo "1699"]
[Annotator "NA"]
[PlyCount "67"]
[EventDate "2020.01.26"]
[EventType "swiss"]
[EventCountry "TUR"]
[SourceTitle "playchess.com"]
[Source "ChessBase"]
[SourceQuality "1"]

1. e4 c5 2. Nf3 e6 3. d4 cxd4 4. Nxd4 a6 5. c4 Nf6 6. Nc3 d6 7. Be2 b6 8. Be3 Bb7 9. f3 Be7 10. a4 Nbd7 11. Nc2 h5 12. Qd2 Rc8 13. Rd1 Qc7 14. Bf2 Ne5 15. Ne3 Nfd7 16. O-O Qb8 17. f4 Ng6 18. f5 Nge5 19. fxe6 fxe6 20. b4 Nf6 21. Bg3 Nf7 22. Qa2 h4 23. Be1 Ng5 24. Ng4 Nfxe4 25. Nxe4 Bxe4 26. c5 Qb7 27. cxd6 Bxd6 28. Rxd6 Bxg2 29. Rxe6+ Nxe6 30. Qxe6+ Kd8 31. Qd6+ Ke8 32. Qe6+ Kd8 33. Bxh4+ Rxh4 34. Qd6+ 1-0

[Event "Turkey Cup 2020"]
[Site "Antalya-Belek"]
[Date "2020.01.29"]
[Round "6.49"]
[White "Subasi, Cagrican"]
[Black "Ince, Taylan Ruzgar"]
[Result "1-0"]
[WhiteElo "1861"]
[BlackElo "1704"]
[Annotator "NA"]
[PlyCount "71"]
[EventDate "2020.01.26"]
[EventType "swiss"]
[EventCountry "TUR"]
[SourceTitle "playchess.com"]
[Source "ChessBase"]
[SourceQuality "1"]

1. d4 Nf6 2. c4 g6 3. Nc3 d5 4. cxd5 Nxd5 5. e4 Nxc3 6. bxc3 Bg7 7. Bc4 c5 8. Ne2 O-O 9. Be3 Nc6 10. h4 Qa5 11. O-O Rd8 12. Qb3 e6 13. d5 exd5 14. Bxd5 Ne5 15. Rad1 c4 16. Qb1 h6 17. h5 g5 18. f4 Ng4 19. Bd4 Bxd4+ 20. Rxd4 Be6 21. fxg5 hxg5 22. Qc1 Kh8 23. Qxg5 Qc7 24. Qf4 Qxf4 25. Nxf4 Ne3 26. Rf3 Nxd5 27. exd5 Bg4 28. Rg3 Bf5 29. Rxc4 Rac8 30. Rxc8 Rxc8 31. Rg5 Bh7 32. h6 Rd8 33. c4 b6 34. Rg7 Bg8 35. g4 Re8 36. Nh5 1-0

[Event "Turkey Cup 2020"]
[Site "Antalya-Belek"]
[Date "2020.01.29"]
[Round "6.50"]
[White "Ozsarilar, Osman Nuri"]
[Black "Sar, Can"]
[Result "0-1"]
[WhiteElo "1724"]
[BlackElo "1891"]
[Annotator "NA"]
[PlyCount "136"]
[EventDate "2020.01.26"]
[EventType "swiss"]
[EventCountry "TUR"]
[SourceTitle "playchess.com"]
[Source "ChessBase"]
[SourceQuality "1"]

1. e4 c5 2. Nf3 g6 3. d4 cxd4 4. Nxd4 Bg7 5. Be3 Nc6 6. Nc3 Nf6 7. f3 O-O 8. Bc4 Qb6 9. Bb3 Nxe4 10. Nxe4 Bxd4 11. Bxd4 Qxd4 12. Qxd4 Nxd4 13. O-O-O Nxb3+ 14. axb3 d6 15. h4 h6 16. Rhe1 Be6 17. g4 Rac8 18. Rd3 Rfe8 19. Rde3 Kf8 20. Nf2 a5 21. Kd2 Ra8 22. Nd3 Bd7 23. Nf4 Bc6 24. c4 b6 25. Nd3 Rac8 26. h5 g5 27. f4 f6 28. fxg5 hxg5 29. Rf1 Kg7 30. Ne1 e5 31. Nc2 d5 32. Ref3 Re6 33. cxd5 Bxd5 34. Rg3 Be4 35. Rc3 Rd6+ 36. Kc1 Rdc6 37. Kd2 Rd8+ 38. Kc1 Rxc3 39. bxc3 Rd3 40. h6+ Kxh6 41. Re1 Bg6 42. Re3 Rxe3 43. Nxe3 Bf7 44. c4 Kg7 45. Kc2 Kf8 46. Kc3 Ke7 47. b4 axb4+ 48. Kxb4 Kd6 49. Kb5 Kc7 50. Nf5 Be8+ 51. Kb4 Bd7 52. Ne3 Be6 53. Kb5 Kb7 54. Kb4 Kc6 55. Kc3 Kc5 56. Kd3 Bf7 57. Kc3 e4 58. Nf1 Bxc4 59. Ng3 Bd5 60. Nh5 b5 61. Nxf6 b4+ 62. Kc2 Kd4 63. Nh5 b3+ 64. Kc1 Kc3 65. Ng3 e3 66. Kb1 Bf3 67. Kc1 b2+ 68. Kb1 Kb3 0-1

[Event "Turkey Cup 2020"]
[Site "Antalya-Belek"]
[Date "2020.01.29"]
[Round "6.51"]
[White "Caliskan, Seha"]
[Black "Celebi, Orhan"]
[Result "1/2-1/2"]
[WhiteElo "1673"]
[BlackElo "1834"]
[Annotator "NA"]
[PlyCount "81"]
[EventDate "2020.01.26"]
[EventType "swiss"]
[EventCountry "TUR"]
[SourceTitle "playchess.com"]
[Source "ChessBase"]
[SourceQuality "1"]

1. d4 d5 2. c4 e6 3. Nc3 c5 4. cxd5 exd5 5. Nf3 Nc6 6. g3 Nf6 7. Bg2 Be7 8. O-O O-O 9. dxc5 Bxc5 10. Na4 Be7 11. Be3 Qa5 12. Rc1 Rd8 13. a3 Bg4 14. Bd4 Nxd4 15. Nxd4 Rac8 16. Nc3 Qb6 17. Qd2 Ne4 18. Nxe4 Rxc1 19. Rxc1 dxe4 20. e3 Bf3 21. Qc2 Bxg2 22. Kxg2 Bf6 23. Qxe4 Qxb2 24. Rb1 Qxa3 25. Rxb7 Bxd4 26. exd4 g6 27. Qe5 Qa2 28. Rb8 Rxb8 29. Qxb8+ Kg7 30. Qe5+ f6 31. Qc7+ Qf7 32. Qc6 a5 33. Qa8 Qe7 34. Qxa5 Qe4+ 35. Kg1 Qxd4 36. Qc7+ Kh6 37. Qc6 f5 38. Qf3 Qe5 39. h4 Qf6 40. Qf4+ Kg7 41. Qc7+ 1/2-1/2

[Event "Turkey Cup 2020"]
[Site "Antalya-Belek"]
[Date "2020.01.29"]
[Round "6.52"]
[White "Suzan, Ufuk"]
[Black "Ataer, Arda Burak"]
[Result "1/2-1/2"]
[WhiteElo "1861"]
[BlackElo "1762"]
[Annotator "NA"]
[PlyCount "103"]
[EventDate "2020.01.26"]
[EventType "swiss"]
[EventCountry "TUR"]
[SourceTitle "playchess.com"]
[Source "ChessBase"]
[SourceQuality "1"]

1. e4 c5 2. Nf3 d6 3. d3 Nc6 4. g3 g6 5. Bg2 Bg7 6. O-O e5 7. c3 Rb8 8. a3 b5 9. b4 a5 10. Bd2 Nge7 11. Ra2 Be6 12. Rb2 axb4 13. axb4 cxb4 14. cxb4 d5 15. Ng5 O-O 16. Nc3 Qd6 17. Nxe6 fxe6 18. h4 Nxb4 19. Rxb4 Qxb4 20. Nxd5 Qd6 21. Bb4 Qd7 22. Nxe7+ Kh8 23. Bh3 Rf7 24. Nd5 Qc6 25. Ne3 Rd7 26. Qb3 Rbd8 27. Rd1 Re8 28. Ba3 Bh6 29. Rc1 Qa6 30. Bb2 Bg7 31. Ra1 Qd6 32. Rd1 Qc6 33. Nc2 Qb6 34. Nb4 Rf7 35. Rd2 Rf3 36. Kg2 Ref8 37. Qc2 h5 38. Nc6 b4 39. Bxe5 b3 40. Qb2 Bxe5 41. Qxe5+ Kh7 42. Nd4 Rxf2+ 43. Rxf2 Rxf2+ 44. Kxf2 b2 45. Qf6 Qa7 46. Bf5 exf5 47. exf5 b1=Q 48. Qxg6+ Kh8 49. Qxh5+ Kg7 50. Qg6+ Kf8 51. Qf6+ Kg8 52. Qg6+ 1/2-1/2

[Event "Turkey Cup 2020"]
[Site "Antalya-Belek"]
[Date "2020.01.29"]
[Round "6.53"]
[White "Yarar, Bora"]
[Black "Polat, Ahmet Eren"]
[Result "1-0"]
[WhiteElo "1871"]
[BlackElo "1641"]
[Annotator "NA"]
[PlyCount "93"]
[EventDate "2020.01.26"]
[EventType "swiss"]
[EventCountry "TUR"]
[SourceTitle "playchess.com"]
[Source "ChessBase"]
[SourceQuality "1"]

1. c4 g6 2. Nc3 Bg7 3. g3 d6 4. Bg2 c5 5. e3 Nc6 6. Nge2 e5 7. d3 Nge7 8. O-O O-O 9. a3 Be6 10. Nd5 f5 11. Rb1 a5 12. Bd2 Rb8 13. Bc3 b5 14. b3 b4 15. axb4 axb4 16. Bb2 g5 17. f4 h6 18. Ra1 Re8 19. Qc2 Bc8 20. Nxe7+ Nxe7 21. d4 Qc7 22. Rad1 e4 23. dxc5 dxc5 24. Bxg7 Kxg7 25. Qb2+ Kg6 26. fxg5 hxg5 27. Bxe4 Nc6 28. Bg2 Rxe3 29. Qd2 Re6 30. h4 Rxe2 31. Qxe2 Nd4 32. Qe8+ Qf7 33. h5+ Kf6 34. Qd8+ Qe7 35. Rxd4 cxd4 36. Qxd4+ Qe5 37. Qd8+ Qe7 38. Qh8+ Qg7 39. Rxf5+ Bxf5 40. Qxb8 Qd7 41. Qf8+ Ke5 42. Qc5+ Kf6 43. Bd5 Qe8 44. Qd4+ Qe5 45. Kf2 Bc2 46. h6 Bh7 47. c5 1-0

[Event "Turkey Cup 2020"]
[Site "Antalya-Belek"]
[Date "2020.01.29"]
[Round "6.54"]
[White "Yanikoglu, Omer"]
[Black "Yarar, Muammer Atakan"]
[Result "0-1"]
[WhiteElo "1635"]
[BlackElo "1812"]
[Annotator "NA"]
[PlyCount "100"]
[EventDate "2020.01.26"]
[EventType "swiss"]
[EventCountry "TUR"]
[SourceTitle "playchess.com"]
[Source "ChessBase"]
[SourceQuality "1"]

1. Nf3 Nf6 2. d4 g6 3. c4 Bg7 4. Nc3 c5 5. e3 O-O 6. Be2 d5 7. O-O dxc4 8. Bxc4 Bg4 9. h3 cxd4 10. exd4 Bxf3 11. Qxf3 Nc6 12. d5 Ne5 13. Qe2 Nxc4 14. Qxc4 Rc8 15. Qb3 Qd7 16. Bf4 Ne8 17. Rad1 Nd6 18. Bxd6 exd6 19. Qa3 a6 20. Ne4 Rfd8 21. Rc1 Rxc1 22. Rxc1 Qf5 23. Qa5 Rf8 24. Ng3 Qf4 25. Qc7 Bd4 26. Nh1 Bxb2 27. Rf1 Be5 28. g3 Qa4 29. Qxb7 Qxa2 30. Rc1 a5 31. h4 h5 32. Rc8 a4 33. g4 hxg4 34. Rxf8+ Kxf8 35. Qc8+ Kg7 36. Qxg4 Qa1+ 37. Kg2 Qd4 38. Qh3 Qxd5+ 39. Kf1 Qc4+ 40. Kg2 Qf4 41. Ng3 Bd4 42. Nh1 Bb2 43. Ng3 a3 44. h5 a2 45. hxg6 fxg6 46. Qd7+ Qf7 47. Qxd6 a1=Q 48. Qb8 Be5 49. Qd8 Bxg3 50. Kxg3 Qg1+ 0-1

[Event "Turkey Cup 2020"]
[Site "Antalya-Belek"]
[Date "2020.01.29"]
[Round "6.55"]
[White "Arpa, Emre"]
[Black "Atayman, Evren"]
[Result "0-1"]
[WhiteElo "1815"]
[BlackElo "1596"]
[Annotator "NA"]
[PlyCount "63"]
[EventDate "2020.01.26"]
[EventType "swiss"]
[EventCountry "TUR"]
[SourceTitle "playchess.com"]
[Source "ChessBase"]
[SourceQuality "1"]

1. e4 e5 2. Nf3 Nf6 3. Nc3 Nc6 4. d4 exd4 5. Nxd4 Bc5 6. Nf5 O-O 7. Bg5 d6 8. Nxg7 Kxg7 9. Nd5 Bxf2+ 10. Kxf2 Nxe4+ 11. Kg1 Qxg5 12. h4 Qg3 13. Qf3 Qxf3 14. gxf3 Ng3 15. Rh2 Nxf1 16. Kxf1 Be6 17. Nf4 Bc4+ 18. Kf2 Rg8 19. b3 Be6 20. Re1 Rae8 21. Rg2+ Kh8 22. Rxg8+ Rxg8 23. Nxe6 fxe6 24. Rxe6 Kg7 25. c3 Rf8 26. Ke3 Rf7 27. Kf2 Re7 28. Rxe7+ Nxe7 29. a4 Nf5 30. b4 Nxh4 31. Ke3 Kf6 32. Kd4 0-1

[Event "Turkey Cup 2020"]
[Site "Antalya-Belek"]
[Date "2020.01.29"]
[Round "6.56"]
[White "Gozubuyukoglu, Selami"]
[Black "Uzuner, Tufan Can"]
[Result "0-1"]
[WhiteElo "1716"]
[BlackElo "1939"]
[Annotator "NA"]
[PlyCount "104"]
[EventDate "2020.01.26"]
[EventType "swiss"]
[EventCountry "TUR"]
[SourceTitle "playchess.com"]
[Source "ChessBase"]
[SourceQuality "1"]

1. e4 c6 2. d4 d5 3. exd5 cxd5 4. Bd3 Nc6 5. c3 g6 6. Bf4 Qb6 7. Qb3 Bh6 8. Qxb6 axb6 9. Bc7 Bc1 10. a4 Bxb2 11. Ra2 Bc1 12. Ne2 Bh6 13. Bxb6 Nf6 14. a5 Bf5 15. Bxf5 gxf5 16. Nd2 O-O 17. Nb3 Nd7 18. Bc7 b6 19. O-O Ra7 20. Bf4 Bxf4 21. Nxf4 e6 22. Nd3 Nxa5 23. Rfa1 Rfa8 24. Nb4 Rc8 25. g3 Rxc3 26. Nxa5 Rxa5 27. Rxa5 bxa5 28. Rxa5 Rc4 29. Nd3 Rxd4 30. Nf4 Kf8 31. Kg2 Ke7 32. h4 Rd2 33. Ra7 Kd6 34. Kf3 d4 35. Ra6+ Kc5 36. Nh3 Ne5+ 37. Kf4 Nd3+ 38. Kf3 h6 39. Ra8 e5 40. Rc8+ Kd5 41. Rd8+ Kc4 42. Rc8+ Kb3 43. Kg2 e4 44. Kf1 Rd1+ 45. Kg2 Ne1+ 46. Kh2 Nf3+ 47. Kg2 d3 48. Rb8+ Ka4 49. Ra8+ Kb5 50. Rd8 d2 51. Nf4 Rg1+ 52. Kh3 d1=Q 0-1

[Event "Turkey Cup 2020"]
[Site "Antalya-Belek"]
[Date "2020.01.29"]
[Round "6.57"]
[White "Tum, Hakan"]
[Black "Kecili, Mustafa Firat"]
[Result "1-0"]
[WhiteElo "1852"]
[BlackElo "1673"]
[Annotator "NA"]
[PlyCount "79"]
[EventDate "2020.01.26"]
[EventType "swiss"]
[EventCountry "TUR"]
[SourceTitle "playchess.com"]
[Source "ChessBase"]
[SourceQuality "1"]

1. d4 Nf6 2. Nf3 g6 3. Bf4 Bg7 4. Nc3 c5 5. e3 cxd4 6. exd4 d6 7. Be2 b6 8. Qd2 Bb7 9. O-O-O Nbd7 10. Bc4 O-O 11. h4 Rc8 12. Bb3 h5 13. Rde1 Rxc3 14. Qxc3 Ng4 15. Bg3 Nc5 16. Qc4 b5 17. Qxb5 Ba6 18. Qb4 Nxb3+ 19. axb3 Qc7 20. Qc3 Qb7 21. Ng5 Qxg2 22. Rhg1 Qd5 23. Rxe7 Bf6 24. Rxa7 Rc8 25. Rc7 Ra8 26. Kb1 Bd8 27. Qc6 Qxc6 28. Rxc6 Nh6 29. Bxd6 Bb7 30. Rc4 Nf5 31. Bg3 Kg7 32. Re1 Ba5 33. b4 Ba6 34. Rc6 Bb7 35. Be5+ Kg8 36. Rf6 Bxb4 37. c3 Be7 38. Rb6 Bd5 39. Rb8+ Rxb8 40. Bxb8 1-0

[Event "Turkey Cup 2020"]
[Site "Antalya-Belek"]
[Date "2020.01.29"]
[Round "6.58"]
[White "Citil, Feyzullah"]
[Black "Canbulan, Arda"]
[Result "0-1"]
[WhiteElo "1636"]
[BlackElo "1840"]
[Annotator "NA"]
[PlyCount "104"]
[EventDate "2020.01.26"]
[EventType "swiss"]
[EventCountry "TUR"]
[SourceTitle "playchess.com"]
[Source "ChessBase"]
[SourceQuality "1"]

1. e4 e5 2. Nf3 Nc6 3. Bb5 f5 4. Bxc6 dxc6 5. Nxe5 Qh4 6. exf5 Bxf5 7. d3 O-O-O 8. O-O Bd6 9. Nf3 Qh5 10. Re1 Bg4 11. h3 Bd7 12. Nc3 Nh6 13. Ne4 Rhf8 14. Nfg5 Qg6 15. h4 Ng4 16. f3 Ne5 17. d4 Nf7 18. Nxd6+ Nxd6 19. f4 h6 20. h5 Qf5 21. Re5 Qg4 22. Qxg4 Bxg4 23. Ne6 Nc4 24. Nxf8 Nxe5 25. fxe5 Rxf8 26. Be3 Kd7 27. Rf1 Rxf1+ 28. Kxf1 Ke6 29. Ke1 Kd5 30. Kf2 Bxh5 31. Ke1 Bf7 32. Kd2 Ke4 33. b3 b5 34. a4 g5 35. axb5 cxb5 36. Ke2 a5 37. Bd2 a4 38. bxa4 bxa4 39. Bc3 h5 40. Kf2 h4 41. Bb2 Be6 42. Bc3 Bf5 43. Bb2 Kd5 44. Bc1 g4 45. Bg5 a3 46. Bc1 a2 47. Bb2 Bxc2 48. Ke3 h3 49. gxh3 gxh3 50. Kf2 Bf5 51. Kg3 Kc4 52. Ba1 c6 0-1

[Event "Turkey Cup 2020"]
[Site "Antalya-Belek"]
[Date "2020.01.29"]
[Round "6.59"]
[White "Hatipoglu, Metin"]
[Black "Cam, Vedat"]
[Result "1-0"]
[WhiteElo "1570"]
[BlackElo "1879"]
[Annotator "NA"]
[PlyCount "123"]
[EventDate "2020.01.26"]
[EventType "swiss"]
[EventCountry "TUR"]
[SourceTitle "playchess.com"]
[Source "ChessBase"]
[SourceQuality "1"]

1. e4 d6 2. d4 Nf6 3. Nc3 c6 4. h3 Qc7 5. Nf3 e5 6. Bc4 b5 7. Bd3 a6 8. O-O Be7 9. b3 O-O 10. Bb2 Nbd7 11. Ne2 Re8 12. Ng3 Bf8 13. c3 Bb7 14. Nh2 d5 15. Ng4 dxe4 16. Nxe4 Nxe4 17. Bxe4 exd4 18. Qf3 g6 19. Rad1 h5 20. Nh2 Bd6 21. g3 Rxe4 22. Qxe4 c5 23. Qh4 Qc6 24. f3 c4 25. bxc4 Qxc4 26. Rxd4 Bc5 27. Rf2 Bxd4 28. cxd4 Qxa2 29. g4 Qd5 30. Nf1 Re8 31. Ng3 hxg4 32. hxg4 Re1+ 33. Kh2 b4 34. Qd8+ Nf8 35. Qb6 a5 36. Qc7 a4 37. Ne4 Nd7 38. Qxd7 Qxd7 39. Nf6+ Kg7 40. Nxd7 Bd5 41. Nb6 Bb3 42. d5+ Kf8 43. Rd2 a3 44. d6 Be6 45. d7 Bxd7 46. Nxd7+ Ke7 47. Nc5 axb2 48. Rxb2 Rc1 49. Ne4 Rc4 50. Kg3 f5 51. gxf5 gxf5 52. Nf2 Rd4 53. f4 Kd6 54. Kf3 Kc5 55. Ke3 Kd5 56. Nd3 Re4+ 57. Kf3 Rd4 58. Nxb4+ Kc4 59. Nc2 Rd3+ 60. Ne3+ Kc5 61. Rc2+ Kd6 62. Rd2 1-0

[Event "Turkey Cup 2020"]
[Site "Antalya-Belek"]
[Date "2020.01.29"]
[Round "6.60"]
[White "Kalemler, Kaan"]
[Black "Kaynar, Mustafa Deniz"]
[Result "1-0"]
[WhiteElo "1841"]
[BlackElo "1555"]
[Annotator "NA"]
[PlyCount "109"]
[EventDate "2020.01.26"]
[EventType "swiss"]
[EventCountry "TUR"]
[SourceTitle "playchess.com"]
[Source "ChessBase"]
[SourceQuality "1"]

1. e4 c5 2. Nf3 g6 3. d4 cxd4 4. Nxd4 Bg7 5. Be3 d6 6. Nc3 Nf6 7. f3 Nc6 8. Bc4 O-O 9. Qd2 Bd7 10. O-O-O Rc8 11. Bb3 Ne5 12. h4 h5 13. Bg5 Rc5 14. Kb1 b5 15. Bxf6 Bxf6 16. g4 hxg4 17. h5 g5 18. f4 Nc4 19. Bxc4 bxc4 20. e5 dxe5 21. Nde2 exf4 22. Qxd7 Qxd7 23. Rxd7 g3 24. Ne4 g2 25. Rg1 Rf5 26. Nxf6+ Rxf6 27. Rxg2 f3 28. Rxg5+ Kh7 29. Ng3 f2 30. Rd1 Rd8 31. Rc1 Rd2 32. Re5 Rf3 33. Nf1 Rd7 34. c3 f5 35. Re2 Kh6 36. Nh2 Rf4 37. Rf1 Kxh5 38. Rexf2 Rd1+ 39. Kc2 Rxf1 40. Rxf1 Rxf1 41. Nxf1 f4 42. Kd2 Kg4 43. Ke2 a5 44. Nd2 e5 45. Nxc4 e4 46. Nd6 e3 47. c4 Kg3 48. Ne4+ Kg4 49. c5 Kf5 50. Kf3 Ke6 51. Nc3 Kd7 52. a3 a4 53. Kxf4 e2 54. Nxe2 Kc6 55. Nc3 1-0

[Event "Turkey Cup 2020"]
[Site "Antalya-Belek"]
[Date "2020.01.29"]
[Round "6.61"]
[White "Hanci, Ilker"]
[Black "Keser, Murat"]
[Result "0-1"]
[WhiteElo "1571"]
[BlackElo "1847"]
[Annotator "NA"]
[PlyCount "44"]
[EventDate "2020.01.26"]
[EventType "swiss"]
[EventCountry "TUR"]
[SourceTitle "playchess.com"]
[Source "ChessBase"]
[SourceQuality "1"]

1. e4 c5 2. Nf3 Nc6 3. d4 cxd4 4. Nxd4 d6 5. c4 Nf6 6. Nc3 g6 7. Be2 Bg7 8. Nb3 Bd7 9. Be3 Rc8 10. c5 Be6 11. cxd6 exd6 12. f3 O-O 13. O-O d5 14. exd5 Nxd5 15. Nxd5 Bxd5 16. Qd2 Re8 17. Bb5 Bxb3 18. Bxc6 Rxe3 19. Qxd8+ Rxd8 20. axb3 bxc6 21. Rxa7 Bd4 22. Ra4 Rxf3+ 0-1

[Event "Turkey Cup 2020"]
[Site "Antalya-Belek"]
[Date "2020.01.29"]
[Round "6.62"]
[White "Kazik, Oguz Kagan"]
[Black "Ozturk, Oguzhan"]
[Result "1-0"]
[WhiteElo "1888"]
[BlackElo "1630"]
[Annotator "NA"]
[PlyCount "111"]
[EventDate "2020.01.26"]
[EventType "swiss"]
[EventCountry "TUR"]
[SourceTitle "playchess.com"]
[Source "ChessBase"]
[SourceQuality "1"]

1. d4 d5 2. Nf3 Nf6 3. g3 Bf5 4. Bg2 e6 5. O-O h6 6. c4 c6 7. Qb3 Qb6 8. c5 Qxb3 9. axb3 Nbd7 10. b4 Bxb1 11. Rxb1 Be7 12. Nd2 O-O 13. Nb3 b6 14. Bd2 Rfb8 15. Rfc1 bxc5 16. Nxc5 Nxc5 17. bxc5 Rb3 18. Bc3 Ne8 19. e3 f5 20. Ra1 Nc7 21. Bf1 Bd8 22. Ra2 Nb5 23. Ra6 Kf7 24. Bxb5 cxb5 25. Rc2 Be7 26. f4 b4 27. Bd2 Rd3 28. Bc1 g5 29. fxg5 Bxg5 30. Kf2 Rd1 31. h4 Bf6 32. b3 e5 33. dxe5 Bxe5 34. Bd2 d4 35. exd4 Bxd4+ 36. Ke2 Rg1 37. Bf4 Bc3 38. Kd3 Rd1+ 39. Kc4 Rd4+ 40. Kb5 Re4 41. c6 Be5 42. c7 Rc8 43. Bxe5 Rxe5+ 44. Kc6 Re6+ 45. Kb7 Ree8 46. Rxh6 a5 47. Ra6 a4 48. Rxa4 Ke6 49. Rxb4 Kd5 50. Rf4 Ke5 51. Re2+ Kd6 52. Rd4+ Kc5 53. Rc4+ Kb5 54. Rxe8 Ra8 55. Rc5+ Kb4 56. Kxa8 1-0